Medgyessy Ferenc [fénykép] /
Elmentve itt :
| Szerző: | |
|---|---|
| Dokumentumtípus: | Cikk |
| Megjelent: |
2000
|
| Sorozat: | Tiszatáj
54 No. 10 |
| Kulcsszavak: | Fotóművészet - magyar - 20-21. sz. |
| Online Access: | http://tiszataj.bibl.u-szeged.hu/17583 |
| LEADER | 00582nab a2200181 i 4500 | ||
|---|---|---|---|
| 001 | tisza17583 | ||
| 005 | 20200330155156.0 | ||
| 008 | 170105s2000 hu o 0|| hun d | ||
| 022 | |a 0133-1167 | ||
| 040 | |a SZTE Tiszatáj Archívum |b hun | ||
| 041 | |a hun | ||
| 100 | 1 | |a Molnár Edit | |
| 245 | 1 | 0 | |a Medgyessy Ferenc |h [elektronikus dokumentum] : |b [fénykép] / |c Molnár Edit |
| 260 | |c 2000 | ||
| 300 | |a 115 | ||
| 490 | 0 | |a Tiszatáj |v 54 No. 10 | |
| 695 | |a Fotóművészet - magyar - 20-21. sz. | ||
| 856 | 4 | 0 | |u http://tiszataj.bibl.u-szeged.hu/17583/1/tiszataj_2000_010_115.pdf |z Dokumentum-elérés |